| 000 | 00345 a2200109 4500 | ||
|---|---|---|---|
| 001 | ART_35056 | ||
| 005 | 20260410162005.0 | ||
| 008 | 260409a | ||
| 245 | 1 | 0 | _aDerecho de propiedad y disposición del propio cuerpo |
| 100 | 1 | _aSiverino Bavio, Paula | |
| 773 | 0 |
_tTemas de derecho civil _g- Año 1, Nº 2 (nov. 2015) _wREV34778 |
|
| 999 |
_c31601 _d31601 |
||